00273nam a22001337a 4500003000500000038001200005082001600017100001500033245002900048250001100077260003500088300000900123563000700132NUST akhadija a355.02bCLA aClausewitz aOn War /cVon Clausewitz avol II alahorebcombine printersc1962 ap415 aPB